Crossword Generator Puzzle #2 - Statistics

General Stats
  • This quiz has been taken 12 times
  • The average score is 10 of 24
Answers on the Map
Answers color-coded by a green-red scale on the quiz's map according to % correct below.
 
Answer Stats
Word % Correct
dine
91%
done
91%
code
82%
dice
82%
dose
82%
side
82%
cone
73%
nice
55%
nose
55%
coined
36%
icon
36%
node
36%
inside
27%
second
27%
decision
18%
noise
18%
snide
18%
dino
9%
disco
9%
once
9%
since
9%
sonic
9%
iodine
0%
onside
0%
No matching quizzes found
Score Distribution
Percent of People with Each Score
Percentile by Number Answered
Your Score History
You have not taken this quiz